Statystyki dla Wymień jakie zwierzę możemy mieć w domu?

Kliknij tutaj aby rozwiązać quiz!

Ogólne statystyki

  • Ten quiz został rozwiązany 265 razy
  • Średni wynik to 6 z 9

Statystyki odpowiedzi

Odpowiedzi% Poprawnych
Kota
96%
Psa
96%
Chomika
90%
Papugę
77%
Świnkę Morską
76%
Królika
70%
Szczura
60%
Ryby
50%
Kanarka
33%

Rozkład punktacji

Percentyl według liczby udzielonych odpowiedzi

Procent ludzi z każdym wynikiem

Twoja historia wyników

Nie rozwiązałeś tego quizu